Music Quiz

Random Music or Album Quiz
Score 0/20 Timer 04:00
0 Plays Today
Track 1 Album % Correct
Everything In Its Right PlaceKid A
94%
Neighborhood #1 (Tunnels)Funeral
88.5%
15 StepIn Rainbows
76.9%
Concerning The UFO Sighting Near Highland, IllinoisIllinois
74.2%
Packd Like Sardines In A Crushd Tin BoxAmnesiac
66.5%
Donuts (Outro)Donuts
61%
The Illest VillainsMadvillainy
60.4%
I Am Trying To Break Your HeartYankee Hotel Foxtrot
57.7%
StormLift Yr. Skinny Fists Like Antennas To Heaven!
52.2%
(Vaka)( )
50%
Track 1 Album % Correct
Third PlanetThe Moon & Antarctica
40.7%
You Think I Ain't Worth A Dollar, But I Feel Like A MillionaireSongs For The Deaf
38.5%
Fight TestYoshimi Battles The Pink Robots
36.3%
UntitledTurn On The Bright Lights
33%
Fake EmpireBoxer
33%
The GrudgeLateralus
32.4%
The Leper AffinityBlackwater Park
26.9%
ArcarsenalRelationship of Command
23.1%
SilenceThird
14.8%
So Did WePanopticon
9.9%
Remove Ads.
Support Sporcle.
Get the best of Sporcle when you Go Orange. This ad-free experience offers more features, more stats, and more fun while also helping to support Sporcle. Thank you for becoming a member.

You're not logged in!

Compare scores with friends on all Sporcle quizzes.
OR
Log In

Show Comments

Extras

Top Quizzes Today


Score Distribution

Your Account Isn't Verified!

In order to create a playlist on Sporcle, you need to verify the email address you used during registration. Go to your Sporcle Settings to finish the process.

Report this User

Report this user for behavior that violates our Community Guidelines.

Details: